[Event "World Blitz Championship"]
[Site "Dubai UAE"]
[Date "2014.06.20"]
[EventDate "2014.06.19"]
[Round "20.20"]
[Result "1/2-1/2"]
[White "Sergey Karjakin"]
[Black "Wang Hao"]
[WhiteElo "2866"]
[BlackElo "2668"]
[PlyCount "187"]

1. b3 e5 2. Bb2 d6 3. e3 Nc6 4. c4 Nf6 5. Nc3 g6 6. g3 Bg7
7. Bg2 O-O 8. Nge2 Ne7 9. d4 c6 10. O-O Qc7 11. Qd2 Rd8
12. Rfd1 exd4 13. Qxd4 Bg4 14. h3 Bxe2 15. Nxe2 a5 16. Rac1 a4
17. Qd2 axb3 18. axb3 Ne8 19. Bxg7 Nxg7 20. Nc3 Ne8 21. Qb2
Qa5 22. Rd4 Qa3 23. Qc2 Nf5 24. Rd3 Qb4 25. Rcd1 Ra3 26. Ne4
Rda8 27. Bf3 Ra2 28. Qc3 Qxc3 29. Nxc3 Rc2 30. Bg4 Ne7 31. Bf3
Ra3 32. Ne2 Rb2 33. Nd4 Nf5 34. Nxf5 gxf5 35. Rd4 Raxb3
36. Rf4 Rb1 37. Kg2 Rxd1 38. Bxd1 Rc3 39. Be2 Ng7 40. Rd4 Ne8
41. Rf4 Rc2 42. Bd3 Rd2 43. Bxf5 d5 44. c5 Rb2 45. Ra4 Nf6
46. Kf3 Rb5 47. Ra7 Kg7 48. Bc8 Rxc5 49. Rxb7 Kf8 50. Bf5 Rc3
51. g4 h6 52. Ke2 c5 53. h4 Ne4 54. Bxe4 dxe4 55. Kf1 Rc2
56. Kg2 Kg7 57. Rb6 c4 58. Kg3 c3 59. Rc6 Rc1 60. Kf4 Rf1
61. Kg3 Rg1+ 62. Kf4 Rg2 63. Rxc3 Rxf2+ 64. Kxe4 Rh2 65. h5
Rf2 66. Rc5 Ra2 67. Kf4 Ra4+ 68. e4 Ra2 69. g5 hxg5+ 70. Rxg5+
Kh6 71. Rf5 Kg7 72. Ke5 Ra5+ 73. Kd6 Ra6+ 74. Kd5 Ra5+ 75. Kd4
Ra4+ 76. Ke3 Ra3+ 77. Kf4 Rh3 78. Rg5+ Kh6 79. Rg8 Kh7 80. Rg5
Kh6 81. e5 Rh1 82. Rf5 Kg7 83. Ke4 Re1+ 84. Kd5 Rd1+ 85. Kc5
Ra1 86. h6+ Kxh6 87. Rxf7 Ra5+ 88. Kd6 Ra6+ 89. Kd5 Kg6
90. Rf1 Ra5+ 91. Kd6 Ra6+ 92. Kd7 Ra7+ 93. Kc6 Ra6+ 94. Kc5
1/2-1/2

[Event "World Blitz Championship"]
[Site "Dubai UAE"]
[Date "2014.06.20"]
[EventDate "2014.06.19"]
[Round "21.21"]
[Result "0-1"]
[White "Wang Hao"]
[Black "Vladimir Fedoseev"]
[WhiteElo "2729"]
[BlackElo "2662"]
[PlyCount "122"]

1. c4 e5 2. g3 Nf6 3. Bg2 d5 4. cxd5 Nxd5 5. Nf3 Nc6 6. O-O
Nb6 7. d3 Be7 8. Nbd2 O-O 9. b3 a5 10. a3 f6 11. Bb2 Be6
12. Rc1 Qd7 13. Ne4 Bh3 14. Nc5 Bxc5 15. Rxc5 Bxg2 16. Kxg2
Nd8 17. Qd2 a4 18. b4 Ne6 19. Rcc1 Nc8 20. Qc2 Nd6 21. Rfd1
Nb5 22. Qc4 c6 23. e4 Kh8 24. h3 Rfd8 25. Qc2 Qe7 26. Rd2 Rd6
27. Rcd1 Qd8 28. h4 Nbd4 29. Bxd4 Nxd4 30. Nxd4 Rxd4 31. Rc1
Qd7 32. Rcd1 h6 33. Rh1 b5 34. Rc1 Rd6 35. Qc5 Rd8 36. Rc3 Qe6
37. Qe3 Kg8 38. Rdc2 Qd7 39. Rd2 Rd4 40. Qf3 Re8 41. h5 Re6
42. Kf1 Red6 43. Ke2 Kf7 44. Rdc2 Qe6 45. g4 Ke7 46. Qf5 Kd7
47. Ke3 Ke7 48. Ke2 Qd7 49. Qg6 Kf8 50. Qf5 Ke7 51. f3 Kd8
52. Rd2 Qf7 53. Qh7 Kc7 54. Qg6 Qe7 55. Qf5 Kb7 56. Rdc2 Qd8
57. Rd2 Rc4 58. Rdc2 Rxd3 59. Rxc4 bxc4 60. Qe6 Qd4 61. Qe7+
Kb6 0-1

[Event "Chinese Team Championship"]
[Site "China CHN"]
[Date "2015.04.10"]
[EventDate "2015.04.10"]
[Round "1.5"]
[Result "1/2-1/2"]
[White "Wang Hao"]
[Black "Yuanhe Zhao"]
[WhiteElo "2713"]
[BlackElo "2217"]
[PlyCount "125"]

1. d4 Nf6 2. c4 g6 3. Nc3 d5 4. Bg5 Ne4 5. Bh4 Nxc3 6. bxc3
Bg7 7. e3 c5 8. Nf3 Nc6 9. cxd5 Qxd5 10. Be2 cxd4 11. cxd4 O-O
12. O-O e5 13. dxe5 Qxd1 14. Raxd1 Nxe5 15. Bg3 Bg4 16. Bxe5
Bxe5 17. h3 Bxf3 18. Bxf3 Rab8 19. a4 Rfd8 20. Rxd8+ Rxd8
21. Bxb7 Rd2 22. Rc1 Ra2 23. Rc8+ Kg7 24. f4 Bd6 25. Rc6 Rd2
26. Ba6 h5 27. Kf1 Kf8 28. h4 Ke7 29. g3 Bb4 30. Rc7+ Rd7
31. Rc4 Ba5 32. Ke2 Bb6 33. Rb4 Rc7 34. Rb3 Rc2+ 35. Kf3 Rd2
36. Rc3 Ba5 37. Rc5 Bb6 38. Re5+ Kf6 39. a5 Bd8 40. Bc4 Rc2
41. Bd3 Ra2 42. a6 Bb6 43. Rd5 Ra5 44. Rd7 Ra3 45. Rd5 Ra5
46. Rd7 Ra3 47. e4 Ke6 48. Rd5 Ra2 49. Re5+ Kf6 50. g4 hxg4+
51. Kxg4 Rg2+ 52. Kf3 Rf2+ 53. Kg3 Rd2 54. Bc4 Rd4 55. Bb5 Rb4
56. Bd3 Rd4 57. Be2 Ra4 58. Re8 Ra3+ 59. Kg4 Bf2 60. f5 Re3
61. Bf3 gxf5+ 62. Kf4 fxe4 63. Rxe4 1/2-1/2

[Event "Chinese Team Championship"]
[Site "China CHN"]
[Date "2015.04.11"]
[EventDate "2015.04.10"]
[Round "2.3"]
[Result "1/2-1/2"]
[White "Wang Yue"]
[Black "Wang Hao"]
[WhiteElo "2726"]
[BlackElo "2713"]
[PlyCount "65"]

1. Nf3 d5 2. g3 Bg4 3. Bg2 e6 4. c4 c6 5. O-O Nf6 6. Qb3 Qb6
7. d3 Nbd7 8. Be3 Qxb3 9. axb3 a6 10. h3 Bxf3 11. Bxf3 Be7
12. Rc1 O-O 13. Nc3 Ne8 14. Na4 Nd6 15. Nb6 Rad8 16. Nxd7 Rxd7
17. Bb6 Bf6 18. Rc2 g6 19. e3 Bd8 20. Bc5 Be7 21. Bb4 Nf5
22. Be1 h5 23. Be2 Nd6 24. Kg2 Bf6 25. d4 Kg7 26. g4 hxg4
27. hxg4 Rh8 28. Bb4 Be7 29. Be1 Bf6 30. Bb4 Be7 31. Bxd6 Bxd6
32. Rh1 Rxh1 33. Kxh1 1/2-1/2

[Event "Bangkok Chess Club Open"]
[Site "Bangkok THA"]
[Date "2015.04.13"]
[EventDate "2015.04.12"]
[Round "2.1"]
[Result "0-1"]
[White "Deniel Causo"]
[Black "Wang Hao"]
[WhiteElo "2305"]
[BlackElo "2713"]
[PlyCount "80"]

1. e4 e5 2. Nf3 Nc6 3. Bc4 Nf6 4. d3 Bc5 5. Nc3 h6 6. Be3 Bxe3
7. fxe3 d6 8. O-O Na5 9. Bb3 O-O 10. Qe1 c6 11. Kh1 Nxb3
12. axb3 Qe7 13. h3 Be6 14. Qh4 Rfe8 15. Rf2 b5 16. g4 Nh7
17. Qg3 a5 18. Nh4 b4 19. Ne2 d5 20. exd5 cxd5 21. Ng1 e4
22. d4 Rec8 23. Ng2 g5 24. Ne1 Bd7 25. Ne2 Bb5 26. Nc1 f6
27. Qh2 Nf8 28. Rf5 Qe6 29. Ne2 Bxe2 30. Qxe2 Ng6 31. Ng2 Ne7
32. Rf2 Kg7 33. Kg1 Qd6 34. h4 Qg3 35. h5 Rc6 36. Qd1 f5
37. gxf5 Ng8 38. Qe2 Nf6 39. Qb5 Rac8 40. Rxa5 Ng4 0-1

[Event "Bangkok Chess Club Open"]
[Site "Bangkok THA"]
[Date "2015.04.13"]
[EventDate "2015.04.12"]
[Round "3.1"]
[Result "1-0"]
[White "Wang Hao"]
[Black "Vladimir Lazarev"]
[WhiteElo "2713"]
[BlackElo "2368"]
[PlyCount "77"]

1. e4 c5 2. Nf3 Nc6 3. Bb5 g6 4. Bxc6 dxc6 5. d3 Bg7 6. h3 Nf6
7. Nc3 Nd7 8. Be3 e5 9. Qd2 Qe7 10. Bh6 f6 11. Bxg7 Qxg7
12. Ne2 Nf8 13. b4 Ne6 14. bxc5 Nxc5 15. a4 O-O 16. O-O Be6
17. Qe3 Qe7 18. a5 Nd7 19. d4 Bc4 20. Rfd1 b5 21. axb6 axb6
22. Ng3 b5 23. dxe5 Nxe5 24. Nxe5 fxe5 25. Rxa8 Rxa8 26. Qb6
Rc8 27. Nf1 Qc7 28. Qc5 Bxf1 29. Kxf1 Rd8 30. Rd5 Kf7 31. g4
Re8 32. Rd3 Re6 33. Qb4 Qe7 34. Qd2 Ke8 35. Kg2 Rf6 36. Qa5
Rd6 37. Rf3 Qd8 38. Qa2 Qe7 39. Qg8+ 1-0

[Event "Bangkok Chess Club Open"]
[Site "Pattaya THA"]
[Date "2015.04.14"]
[EventDate "2015.04.12"]
[Round "4.1"]
[Result "1/2-1/2"]
[White "Jozsef Horvath"]
[Black "Wang Hao"]
[WhiteElo "2527"]
[BlackElo "2713"]
[PlyCount "128"]

1. d4 Nf6 2. Nf3 g6 3. g3 Bg7 4. Bg2 O-O 5. O-O d5 6. c3 c6
7. Bf4 Nbd7 8. Qc1 Re8 9. Nbd2 Nh5 10. Bg5 f6 11. Be3 e5
12. dxe5 fxe5 13. Bg5 Nhf6 14. e4 h6 15. Be3 Ng4 16. Re1 Kh7
17. Qc2 Nxe3 18. fxe3 Nf8 19. Rad1 Qc7 20. exd5 cxd5 21. e4 d4
22. Rc1 d3 23. Qxd3 Qb6+ 24. Qe3 Qxb2 25. Nc4 Qxa2 26. Nfd2
Qa6 27. Ra1 Qc6 28. Nb6 Rb8 29. Rxa7 Be6 30. Nd5 Nd7 31. Kh1
Nf6 32. Nb4 Qc8 33. Nd5 Ng4 34. Qg1 Bf8 35. Ra5 b6 36. Ra7+
Kh8 37. Nb3 Bxd5 38. exd5 Qxc3 39. Rb1 e4 40. Qd4+ Bg7
41. Qxc3 Bxc3 42. Nc1 Be5 43. Ne2 Nf6 44. Ra6 Red8 45. Rd1 g5
46. h3 Kg7 47. Nd4 Bxd4 48. Rxd4 Re8 49. Ra2 Rbd8 50. d6 Re6
51. d7 e3 52. Bf3 Rxd7 53. Rxd7+ Nxd7 54. Bg4 Re7 55. Ra7 Kf7
56. Bh5+ Kf6 57. Rb7 Ke5 58. Kg2 Kd6 59. Kf1 Nf6 60. Rxb6+ Ke5
61. Bf3 Ne4 62. Bxe4 Kxe4 63. Ke2 h5 64. Rb3 Kf5 1/2-1/2

[Event "Bangkok Chess Club Open"]
[Site "Pattaya THA"]
[Date "2015.04.15"]
[EventDate "2015.04.06"]
[Round "5.2"]
[Result "1-0"]
[White "Wang Hao"]
[Black "Oliver Barbosa"]
[WhiteElo "2713"]
[BlackElo "2489"]
[PlyCount "73"]

1. d4 d5 2. c4 c6 3. Nf3 Nf6 4. Nc3 dxc4 5. a4 e6 6. e4 Bb4
7. e5 Nd5 8. Bd2 b5 9. axb5 Bxc3 10. bxc3 cxb5 11. Ng5 h6
12. Ne4 O-O 13. Nd6 f6 14. Qg4 fxe5 15. dxe5 Nc6 16. Qg3 Qd7
17. Be2 Kh8 18. Nxb5 Nxe5 19. Qxe5 Rf5 20. Qd4 Qxb5 21. O-O
Qb6 22. Qxc4 Bb7 23. Bd3 Rff8 24. Qe4 Nf6 25. Qg6 Qc6 26. Rfe1
Qe8 27. Qg3 a5 28. c4 Nh5 29. Qg4 Rd8 30. Bg6 Nf6 31. Qg3 Qc6
32. Bxa5 Rd4 33. h3 Rxc4 34. Rab1 Ne4 35. Bxe4 Rxe4 36. Rec1
Qd5 37. Rc7 1-0

[Event "Bangkok Chess Club Open"]
[Site "Pattaya THA"]
[Date "2015.04.16"]
[EventDate "2015.04.06"]
[Round "6.1"]
[Result "1/2-1/2"]
[White "Francisco Vallejo Pons"]
[Black "Wang Hao"]
[WhiteElo "2696"]
[BlackElo "2713"]
[PlyCount "48"]

1. d4 d5 2. c4 c6 3. Nf3 Nf6 4. e3 Bg4 5. h3 Bxf3 6. Qxf3 e6
7. Nc3 Nbd7 8. Bd2 Bb4 9. Bd3 O-O 10. O-O Re8 11. Qd1 Qe7
12. Qb3 dxc4 13. Bxc4 Nb6 14. Be2 Rad8 15. Rad1 Bd6 16. a4 e5
17. a5 Nbd5 18. Bc4 a6 19. Nxd5 cxd5 20. Bxd5 Nxd5 21. Qxd5
exd4 22. Qb3 Bc5 23. exd4 Bxd4 24. Bc3 Bxc3 1/2-1/2

[Event "Bangkok Chess Club Open"]
[Site "Pattaya THA"]
[Date "2015.04.17"]
[EventDate "2015.04.06"]
[Round "7.1"]
[Result "1-0"]
[White "Wang Hao"]
[Black "Abhijit Kunte"]
[WhiteElo "2713"]
[BlackElo "2477"]
[PlyCount "97"]

1. c4 c5 2. Nf3 Nc6 3. Nc3 g6 4. e3 d6 5. d4 Bg4 6. d5 Ne5
7. Be2 Bxf3 8. gxf3 Bg7 9. e4 Nd7 10. f4 a6 11. a4 Bd4 12. Be3
Qb6 13. Qd2 Ngf6 14. a5 Bxc3 15. bxc3 Qc7 16. Bf3 Rb8 17. h4
b6 18. Kf1 bxa5 19. Kg2 h5 20. Qe2 Rb3 21. Qa2 Rb6 22. Qe2 Rb3
23. Qd1 Rb2 24. Bc1 Rb7 25. Re1 Ng4 26. Ra2 Rb6 27. Rae2 Kf8
28. e5 Nh6 29. Be4 dxe5 30. fxe5 Qxe5 31. Bd3 Qd6 32. Rxe7 Ng4
33. f4 Qf6 34. Rxd7 Qxh4 35. Qd2 Qh2+ 36. Kf3 Qh3+ 37. Ke2 Nh2
38. Kd1 Nf3 39. Rxf7+ Kxf7 40. Qe3 Rf8 41. Rf1 Qd7 42. Qxf3
Qa4+ 43. Bc2 Qxc4 44. f5 Kg7 45. Bf4 Qa2 46. f6+ Kg8 47. Be5
Rd8 48. f7+ Kf8 49. Bg7+ 1-0

[Event "Bangkok Chess Club Open"]
[Site "Pattaya THA"]
[Date "2015.04.18"]
[EventDate "2015.04.06"]
[Round "8.1"]
[Result "1-0"]
[White "Wang Hao"]
[Black "Jan Gustafsson"]
[WhiteElo "2713"]
[BlackElo "2639"]
[PlyCount "119"]

1. d4 Nf6 2. c4 e6 3. Nf3 d5 4. Nc3 c5 5. cxd5 cxd4 6. Nxd4
Nxd5 7. Bd2 Bc5 8. Nb3 Bb6 9. g3 Nc6 10. Bg2 O-O 11. Na4 Bc7
12. Rc1 Qe7 13. O-O Rd8 14. Qc2 Rb8 15. Nac5 Be5 16. a3 Nd4
17. Nxd4 Bxd4 18. Nb3 Bb6 19. e4 Nf6 20. Bb4 Qe8 21. e5 Nd5
22. Bd6 Ra8 23. Nd2 Bd7 24. Nc4 Rac8 25. b3 Bc6 26. Qe2 Ne7
27. Bxe7 Bxg2 28. Kxg2 Qxe7 29. Nd6 Rxc1 30. Rxc1 f6 31. Nc8
Qxa3 32. Qc4 fxe5 33. Nxb6 axb6 34. Qxe6+ Kh8 35. Rc7 Qf8
36. Qxe5 h6 37. Rxb7 Re8 38. Qd4 Re6 39. Rxb6 Qa8+ 40. Kh3 Qe8
41. Rb7 Rf6 42. Qg4 Rg6 43. Qd7 Qe2 44. Qf5 Qf1+ 45. Kh4 Qg2
46. Rb8+ Kh7 47. h3 Qc6 48. Kh5 Qd6 49. Re8 Qd1+ 50. g4 Qd6
51. Kh4 Qd2 52. Kg3 Qd1 53. Re3 Qg1+ 54. Kh4 Qc1 55. b4 Qd2
56. b5 Qd8+ 57. Kg3 Qb8+ 58. Kg2 Qb7+ 59. Kg1 Qb6 60. Rc3 1-0

[Event "Bangkok Chess Club Open"]
[Site "Pattaya THA"]
[Date "2015.04.19"]
[EventDate "2015.04.06"]
[Round "9.1"]
[Result "1-0"]
[White "Surya Shekhar Ganguly"]
[Black "Wang Hao"]
[WhiteElo "2619"]
[BlackElo "2713"]
[PlyCount "137"]

1. e4 e5 2. Nf3 Nf6 3. Nxe5 d6 4. Nf3 Nxe4 5. Qe2 Qe7 6. d3
Nf6 7. Nc3 Qxe2+ 8. Bxe2 Be7 9. O-O O-O 10. h3 a6 11. Re1 Nc6
12. a3 Re8 13. Be3 Bd7 14. d4 Bf8 15. Bg5 Ne4 16. Nxe4 Rxe4
17. Bd3 Rxe1+ 18. Rxe1 h6 19. Bd2 Be6 20. c3 Na5 21. g4 Bd5
22. Kg2 Nb3 23. Be3 b5 24. Kg3 Re8 25. Bf4 Rxe1 26. Nxe1 Na5
27. Nc2 Nc4 28. Bc1 Nb6 29. Ne3 Bb3 30. Nf5 Nd5 31. Be4 Ne7
32. Nxe7+ Bxe7 33. Bb7 a5 34. Bc6 Bc4 35. h4 g5 36. hxg5 hxg5
37. d5 Kg7 38. Kf3 Bb3 39. Ke4 Bc2+ 40. Ke3 Bb3 41. Bxb5 Bxd5
42. b4 c6 43. Be2 Bd8 44. c4 Be6 45. Bb2+ f6 46. Bc3 Bb6+
47. c5 dxc5 48. bxa5 Ba7 49. f3 Kf7 50. Bd1 Bc4 51. Bc2 Ba6
52. Ba4 c4+ 53. Bd4 c5 54. Bc3 Ke6 55. Bc6 f5 56. gxf5+ Kxf5
57. Bd7+ Kg6 58. Be6 Bb8 59. Ke4 Bf4 60. a4 Bc1 61. Kd5 Bb7+
62. Kxc4 Bxf3 63. Kxc5 g4 64. Bd4 Ba3+ 65. Kb6 g3 66. a6 g2
67. Bd7 Bb2 68. Bg1 Kf6 69. Bc6 1-0

[Event "Chinese Championship"]
[Site "Xinghua CHN"]
[Date "2015.05.18"]
[EventDate "2015.05.18"]
[Round "1.2"]
[Result "1/2-1/2"]
[White "Zhou Jianchao"]
[Black "Wang Hao"]
[WhiteElo "2589"]
[BlackElo "2710"]
[PlyCount "59"]

1. Nf3 d5 2. d4 Nf6 3. c4 c6 4. Nc3 e6 5. e3 Nbd7 6. Qc2 Bd6
7. Bd3 O-O 8. O-O dxc4 9. Bxc4 b5 10. Bd3 Bb7 11. a3 h6
12. Rd1 a6 13. e4 e5 14. Ne2 c5 15. dxe5 Bxe5 16. Nxe5 Nxe5
17. Ng3 Nxd3 18. Rxd3 Qb6 19. Rd1 Rfd8 20. Be3 Rxd1+ 21. Rxd1
Rd8 22. f3 Rxd1+ 23. Qxd1 Qc7 24. Nf5 Ne8 25. Qd2 Bc8 26. Bf4
Qd7 27. Qxd7 Bxd7 28. Nd6 Nxd6 29. Bxd6 b4 30. axb4 1/2-1/2

[Event "Chinese Championship"]
[Site "Xinghua CHN"]
[Date "2015.05.19"]
[EventDate "2015.05.18"]
[Round "2.5"]
[Result "1/2-1/2"]
[White "Wang Hao"]
[Black "Lin Chen"]
[WhiteElo "2710"]
[BlackElo "2460"]
[PlyCount "68"]

1. d4 Nf6 2. c4 g6 3. Nc3 Bg7 4. e4 d6 5. Nf3 O-O 6. h3 Na6
7. Be3 e5 8. d5 Nc5 9. Nd2 a5 10. g4 c6 11. Be2 cxd5 12. cxd5
Bd7 13. g5 Ne8 14. h4 f5 15. Nc4 Rc8 16. a4 fxe4 17. Bxc5 Rxc5
18. Nxe4 Rc8 19. Qb3 Rf4 20. f3 Bf5 21. Qe3 Bf8 22. Kd2 Be7
23. Nb6 Rc7 24. Rag1 Ng7 25. Nc4 Ne6 26. dxe6 d5 27. Nf6+ Bxf6
28. Nxe5 Qd6 29. gxf6 Qb4+ 30. Kd1 Bc2+ 31. Kc1 Bd3+ 32. Kd1
Bc2+ 33. Kc1 Bd3+ 34. Kd1 Bc2+ 1/2-1/2

[Event "Chinese Championship"]
[Site "Xinghua CHN"]
[Date "2015.05.20"]
[EventDate "2015.05.18"]
[Round "3.3"]
[Result "1/2-1/2"]
[White "Wang Chen"]
[Black "Wang Hao"]
[WhiteElo "2536"]
[BlackElo "2710"]
[PlyCount "60"]

1. d4 Nf6 2. Nf3 e6 3. Bf4 c5 4. dxc5 Bxc5 5. e3 Nc6 6. Be2 d5
7. O-O O-O 8. c4 dxc4 9. Bxc4 Qe7 10. Nc3 Rd8 11. Qe2 h6
12. Ne5 Nxe5 13. Bxe5 Bd7 14. Rfd1 a6 15. Bd3 Bc6 16. Bxf6
Qxf6 17. Be4 Bxe4 18. Nxe4 Qe5 19. Nxc5 Qxc5 20. h3 Qe7 21. a3
Rxd1+ 22. Rxd1 Rd8 23. Rd2 Rxd2 24. Qxd2 Qc7 25. g3 g6 26. h4
h5 27. Kf1 Qc4+ 28. Kg1 Qc7 29. Kf1 Qc4+ 30. Kg1 Qc7 1/2-1/2

[Event "Chinese Championship"]
[Site "Xinghua CHN"]
[Date "2015.05.21"]
[EventDate "2015.05.18"]
[Round "4.4"]
[Result "1/2-1/2"]
[White "Wang Hao"]
[Black "Zhao Jun"]
[WhiteElo "2710"]
[BlackElo "2613"]
[PlyCount "75"]

1. c4 Nf6 2. Nc3 e5 3. Nf3 Nc6 4. g3 d5 5. cxd5 Nxd5 6. Bg2
Nb6 7. O-O Be7 8. Rb1 f6 9. a3 O-O 10. b4 Be6 11. d3 Nd4
12. Nd2 c6 13. Nde4 Bg4 14. Be3 Kh8 15. Nc5 Rb8 16. Rc1 Re8
17. h3 Bh5 18. g4 Bf7 19. f4 Bxc5 20. bxc5 Nd5 21. Bxd5 Bxd5
22. fxe5 fxe5 23. Qe1 b6 24. Bxd4 exd4 25. Nxd5 Qxd5 26. Rf5
Qa2 27. cxb6 axb6 28. Rxc6 Rxe2 29. Qf1 Ree8 30. Rc7 Rg8
31. a4 Rbe8 32. Rc4 Qd2 33. Rf2 Qe3 34. Kg2 h6 35. Rc6 Re6
36. Rc7 Re7 37. Rc6 Re6 38. Rc7 1/2-1/2

[Event "Chinese Championship"]
[Site "Xinghua CHN"]
[Date "2015.05.22"]
[EventDate "2015.05.18"]
[Round "5.4"]
[Result "0-1"]
[White "Lu Shanglei"]
[Black "Wang Hao"]
[WhiteElo "2606"]
[BlackElo "2710"]
[PlyCount "77"]

1. e4 e5 2. Nf3 Nc6 3. c3 Nf6 4. d4 Nxe4 5. d5 Ne7 6. Nxe5 Ng6
7. Qe2 Qe7 8. Qxe4 Qxe5 9. Qxe5+ Nxe5 10. Be2 Bc5 11. Nd2 d6
12. Nb3 Bb6 13. a4 a6 14. a5 Ba7 15. Nd4 Bxd4 16. cxd4 Nd7
17. Bf3 h6 18. h3 Nf6 19. g4 b6 20. axb6 cxb6 21. Bf4 Kd7
22. g5 Re8+ 23. Kf1 hxg5 24. Bxg5 Ne4 25. Bg4+ Kc7 26. Bf4 g5
27. Rc1+ Kb7 28. Bh2 f5 29. f3 Nd2+ 30. Kf2 fxg4 31. hxg4 a5
32. Rcd1 Nc4 33. b3 Na3 34. Bxd6 Nb5 35. Be5 Nc3 36. Rh7+ Ka6
37. Rc1 Nxd5 38. Rg7 Nf4 39. Rc3 0-1

[Event "Chinese Championship"]
[Site "Xinghua CHN"]
[Date "2015.05.24"]
[EventDate "2015.05.18"]
[Round "6.3"]
[Result "1/2-1/2"]
[White "Wang Hao"]
[Black "Yu Yangyi"]
[WhiteElo "2710"]
[BlackElo "2723"]
[PlyCount "126"]

1. d4 Nf6 2. c4 e6 3. Nf3 d5 4. Nc3 Bb4 5. Bg5 h6 6. Bxf6 Qxf6
7. e3 O-O 8. Rc1 dxc4 9. Bxc4 c5 10. O-O cxd4 11. Ne4 Qe7
12. Nxd4 Bd7 13. Be2 Nc6 14. a3 Ba5 15. Nb3 Rfd8 16. Nxa5 Nxa5
17. Rc7 Rac8 18. Qc1 f5 19. b4 Nb3 20. Qc3 Rxc7 21. Qxc7 fxe4
22. Rd1 Kf7 23. h3 g6 24. Bc4 Bb5 25. Qxd8 Qxd8 26. Rxd8 Bxc4
27. Rd7+ Kf6 28. Rxb7 a6 29. a4 g5 30. b5 axb5 31. axb5 Bd5
32. Rc7 h5 33. b6 Na5 34. Kf1 Nb7 35. Ke1 Nd6 36. Kd2 h4
37. Kc2 Kf5 38. Rd7 Ke5 39. Kc3 Nb7 40. Kb4 Nd6 41. Rg7 Kf6
42. Rc7 Ke5 43. Rd7 Nb7 44. g3 g4 45. hxg4 hxg3 46. fxg3 Kf6
47. Kb5 Kg6 48. Rc7 Nd6+ 49. Ka6 Nc4 50. Rd7 Bc6 51. Rc7 Bd5
52. Rd7 Bc6 53. Rd4 Nxe3 54. Rd6 Nc2 55. Ka7 Nb4 56. Rd4 Nd3
57. Rd6 Nb4 58. Rxe6+ Kg5 59. Re5+ Kxg4 60. Rc5 Kxg3 61. Rc4
e3 62. Rxb4 e2 63. Rb1 Kf2 1/2-1/2

[Event "Chinese Championship"]
[Site "Xinghua CHN"]
[Date "2015.05.26"]
[EventDate "2015.05.18"]
[Round "8.2"]
[Result "1-0"]
[White "Wang Hao"]
[Black "Liu Qingnan"]
[WhiteElo "2710"]
[BlackElo "2523"]
[PlyCount "65"]

1. d4 d6 2. Nf3 g6 3. c4 Bg7 4. Nc3 Bg4 5. e3 c5 6. Be2 cxd4
7. exd4 Nc6 8. d5 Bxf3 9. Bxf3 Nd4 10. Bg4 h5 11. Qa4+ Kf8
12. Bh3 Nh6 13. O-O Ng4 14. Qd1 Nf5 15. Bd2 a6 16. b3 Qb6
17. Bxg4 hxg4 18. Qxg4 Be5 19. g3 Kg7 20. Kg2 Rh5 21. Rh1 Rah8
22. h4 Qa5 23. Qf3 b5 24. Ne4 b4 25. a3 Bxa1 26. axb4 Qb6
27. Rxa1 f6 28. Qd3 Qb7 29. Bc3 Kf7 30. Kf1 Ng7 31. Bxf6 Rg8
32. g4 Ne8 33. Bc3 1-0

[Event "Chinese Championship"]
[Site "Xinghua CHN"]
[Date "2015.05.27"]
[EventDate "2015.05.18"]
[Round "9.6"]
[Result "1/2-1/2"]
[White "Wen Yang"]
[Black "Wang Hao"]
[WhiteElo "2583"]
[BlackElo "2710"]
[PlyCount "41"]

1. d4 Nf6 2. c4 e6 3. g3 c5 4. Nf3 cxd4 5. Nxd4 Bb4+ 6. Bd2
Bxd2+ 7. Qxd2 Ne4 8. Qe3 Qa5+ 9. Nd2 Nxd2 10. Qxd2 Qxd2+
11. Kxd2 Nc6 12. e3 d6 13. Bg2 Bd7 14. Rhc1 Ke7 15. Rc3 Rhc8
16. Rac1 Rab8 17. Rb3 Na5 18. Rbc3 Nc6 19. Rb3 Na5 20. Rbc3
Nc6 21. Rb3 1/2-1/2

[Event "Chinese Championship"]
[Site "Xinghua CHN"]
[Date "2015.05.28"]
[EventDate "2015.05.18"]
[Round "10.1"]
[Result "1/2-1/2"]
[White "Wei Yi"]
[Black "Wang Hao"]
[WhiteElo "2718"]
[BlackElo "2710"]
[PlyCount "69"]

1. e4 e5 2. Nf3 Nc6 3. Bb5 Nf6 4. O-O Nxe4 5. d4 Nd6 6. Bxc6
dxc6 7. dxe5 Nf5 8. Qxd8+ Kxd8 9. h3 Ke8 10. Nc3 h5 11. Bf4
Be7 12. Rad1 Be6 13. Ng5 Rh6 14. Rfe1 Bb4 15. g4 hxg4 16. hxg4
Ne7 17. Nxe6 Rxe6 18. Kg2 Bxc3 19. bxc3 Rd8 20. Rxd8+ Kxd8
21. Rh1 Nd5 22. Bg3 g5 23. Rh8+ Kd7 24. c4 Nb6 25. Rf8 Ke7
26. Rb8 Nxc4 27. Rxb7 Kd7 28. Rxa7 Nxe5 29. Ra4 Ng6 30. Ra7
Ne5 31. f3 f6 32. Kf2 Rd6 33. Bxe5 fxe5 34. Ke3 Rd4 35. Ra8
1/2-1/2

[Event "Chinese Championship"]
[Site "Xinghua CHN"]
[Date "2015.05.29"]
[EventDate "2015.05.18"]
[Round "11.6"]
[Result "1-0"]
[White "Wang Hao"]
[Black "Wan Yunguo"]
[WhiteElo "2710"]
[BlackElo "2472"]
[PlyCount "61"]

1. e4 e5 2. Nf3 Nc6 3. Bb5 a6 4. Ba4 Nf6 5. d3 d6 6. c3 g6
7. O-O Bg7 8. Nbd2 O-O 9. Re1 b5 10. Bc2 Bb7 11. a4 Nb8 12. b4
Nbd7 13. Nb3 Rb8 14. axb5 axb5 15. Be3 Re8 16. h3 Qc8 17. Na5
c5 18. Nxb7 Qxb7 19. Bb3 Ra8 20. Ng5 c4 21. Rxa8 Rxa8 22. dxc4
h6 23. Nxf7 Kxf7 24. c5+ Ke8 25. Qxd6 Ra6 26. Qd3 Qxe4
27. Qxb5 Ra3 28. Be6 Rxc3 29. Rd1 Ke7 30. Qa6 Rxe3 31. Qd6+
1-0

[Event "Chinese Team Championship"]
[Site "China CHN"]
[Date "2015.06.04"]
[EventDate "2015.04.10"]
[Round "5.3"]
[Result "1/2-1/2"]
[White "Wang Hao"]
[Black "Lu Shanglei"]
[WhiteElo "2713"]
[BlackElo "2570"]
[PlyCount "158"]

1. d4 d5 2. c4 e6 3. Nf3 Nf6 4. Nc3 dxc4 5. e3 a6 6. Bxc4 b5
7. Bd3 Bb7 8. e4 c5 9. e5 Nd5 10. Bg5 Qb6 11. dxc5 Bxc5
12. Ne4 h6 13. Nxc5 Qxc5 14. Bd2 Nc6 15. Rc1 Qb6 16. O-O Rd8
17. Qe1 g5 18. h3 Rg8 19. Bh7 Rg7 20. Be4 Rd7 21. Qe2 Nd4
22. Qd3 Nf5 23. Qa3 g4 24. Ba5 b4 25. Qa4 Qb5 26. Qxb5 axb5
27. hxg4 Rxg4 28. Bxf5 exf5 29. e6 fxe6 30. Ne5 Nf4 31. Nxg4
fxg4 32. Kh2 Bxg2 33. Rfd1 Bd5 34. Rc8+ Kf7 35. Bxb4 Ng6
36. b3 Ra7 37. Rd2 h5 38. Rdc2 Kf6 39. R8c7 Ra8 40. Bc3+ Kg5
41. Bd2+ Kf5 42. Rc8 Ra6 43. Bc3 Nh4 44. Rf8+ Ke4 45. Bf6 Nf5
46. Rh8 Kd3 47. Rc3+ Ke2 48. Rc2+ Kd3 49. Rhc8 b4 50. Bg5 h4
51. Rd2+ Ke4 52. Rb8 g3+ 53. Kh3 Nd4 54. fxg3 Nf3 55. Rxb4+
Kf5 56. Rxd5+ exd5 57. Rf4+ Kxg5 58. Rxf3 hxg3 59. a4 d4
60. Kxg3 Rd6 61. Kf2 Kg4 62. Rd3 Kf4 63. Ke2 Ke4 64. Rh3 Rg6
65. Rh4+ Kd5 66. Kf3 Rf6+ 67. Rf4 Rb6 68. Rf5+ Kd6 69. Rb5
Rxb5 70. axb5 Kd5 71. b4 d3 72. Ke3 Kc4 73. b6 Kc3 74. b7 d2
75. b8=Q d1=Q 76. b5 Qd4+ 77. Kf3 Kb4 78. b6 Ka5 79. b7 Kb6
1/2-1/2

[Event "Chinese Team Championship"]
[Site "China CHN"]
[Date "2015.06.05"]
[EventDate "2015.04.10"]
[Round "6.5"]
[Result "1/2-1/2"]
[White "Igor Lysyj"]
[Black "Wang Hao"]
[WhiteElo "2691"]
[BlackElo "2713"]
[PlyCount "89"]

1. d4 Nf6 2. c4 e6 3. Nc3 d5 4. cxd5 exd5 5. Bg5 c6 6. Qc2 Na6
7. a3 Nc7 8. e3 Be7 9. Nf3 Bg4 10. Ne5 Bh5 11. Bd3 Bg6 12. O-O
Bxd3 13. Nxd3 Ne6 14. Bh4 O-O 15. b4 a6 16. Nc5 b6 17. Nd3 Nd7
18. Bxe7 Qxe7 19. a4 b5 20. Ne2 Rfc8 21. a5 Ng5 22. Nec1 h5
23. Nb3 g6 24. Rae1 Qd6 25. f3 Re8 26. Qf2 Re7 27. Qh4 Ne6
28. Re2 Rae8 29. Rfe1 Ng7 30. Qf4 Qxf4 31. Nxf4 Nf5 32. Kf2
Nd6 33. Nd3 f5 34. Nbc5 Nxc5 35. Nxc5 Ra8 36. h4 Kg7 37. Kg3
Raa7 38. Kf2 Rf7 39. Rc1 Kf6 40. Rc3 Rfe7 41. Kg3 Kg7 42. Kf2
Kf6 43. g3 Kg7 44. Ke1 Ra8 45. Kf2 1/2-1/2

[Event "Chinese Team Championship"]
[Site "China CHN"]
[Date "2015.06.06"]
[EventDate "2015.04.10"]
[Round "7.2"]
[Result "1-0"]
[White "Wang Hao"]
[Black "Liu Qingnan"]
[WhiteElo "2713"]
[BlackElo "2510"]
[PlyCount "65"]

1. d4 c5 2. d5 e5 3. e4 d6 4. Bb5+ Bd7 5. a4 a6 6. Bd3 Be7
7. Nd2 Nf6 8. a5 O-O 9. Ngf3 g6 10. Nc4 Bb5 11. Nb6 Bxd3
12. cxd3 Ra7 13. b4 cxb4 14. h3 Nfd7 15. Be3 Nc5 16. O-O Qe8
17. Qb1 f5 18. Rc1 Qb5 19. exf5 gxf5 20. Bxc5 dxc5 21. Nxe5
Bg5 22. Re1 Bd2 23. Re2 Bc3 24. Nec4 Re8 25. Raa2 Rd8 26. Qc1
Bf6 27. Re6 b3 28. Rae2 Rf8 29. Rxf6 Rxf6 30. Qg5+ Rg6
31. Qd8+ Kg7 32. Re7+ Kh6 33. Qxb8 1-0